<?xml version="1.0" encoding="UTF-8"?>
<record
    xmlns:xsi="http://www.w3.org/2001/XMLSchema-instance"
    xsi:schemaLocation="http://www.loc.gov/MARC21/slim http://www.loc.gov/standards/marcxml/schema/MARC21slim.xsd"
    xmlns="http://www.loc.gov/MARC21/slim">

  <leader>03837nam a22002777a 4500</leader>
  <controlfield tag="003">DO-CoUTE</controlfield>
  <controlfield tag="005">20260518153326.0</controlfield>
  <controlfield tag="008">260518b        dr ||||| |||| 00| 0 spa d</controlfield>
  <datafield tag="040" ind1=" " ind2=" ">
    <subfield code="a">DO-CoUTE</subfield>
    <subfield code="b">spa</subfield>
    <subfield code="c">DO-CoUTE</subfield>
  </datafield>
  <datafield tag="041" ind1=" " ind2=" ">
    <subfield code="a">spa</subfield>
  </datafield>
  <datafield tag="092" ind1=" " ind2=" ">
    <subfield code="a">GEO 2026 A59</subfield>
  </datafield>
  <datafield tag="100" ind1="1" ind2=" ">
    <subfield code="a">&#xC1;lvarez de Jes&#xFA;s, Leonardo Miguel </subfield>
    <subfield code="e">Sustentante </subfield>
  </datafield>
  <datafield tag="245" ind1="1" ind2="0">
    <subfield code="a">Estudio Del Impacto Geol&#xF3;gico Y Ambiental De La Actividad Minera En La Comunidad Los Mart&#xED;nez Del Municipio Maim&#xF3;n Provincia Monse&#xF1;or Nouel, Rep&#xFA;blica Dominicana, 2026</subfield>
    <subfield code="c">Leonardo Miguel &#xC1;lvarez de Jes&#xFA;s, Juandery Stiven Moreno Mercedes, Yosmarly de los Santos Moreno ; Asesor,  Ricardo Reynoso Villafa&#xF1;a</subfield>
  </datafield>
  <datafield tag="260" ind1=" " ind2=" ">
    <subfield code="a">Cotu&#xED;, Rep&#xFA;blica Dominicana ; </subfield>
    <subfield code="b">UTECO, </subfield>
    <subfield code="c">2026</subfield>
  </datafield>
  <datafield tag="300" ind1=" " ind2=" ">
    <subfield code="a">70 Hojas : </subfield>
    <subfield code="b">Graficos ; </subfield>
    <subfield code="c">23cm, </subfield>
    <subfield code="e">+ 1 CD-ROM </subfield>
  </datafield>
  <datafield tag="502" ind1=" " ind2=" ">
    <subfield code="a">Trabajo de Grado (Ingeniero Ge&#xF3;logo) Universidad Tecnol&#xF3;gica del Cibao Oriental, 2026.
</subfield>
  </datafield>
  <datafield tag="504" ind1=" " ind2=" ">
    <subfield code="a">Incluye referencia bibliogr&#xE1;fica e &#xED;ndice.</subfield>
  </datafield>
  <datafield tag="520" ind1=" " ind2=" ">
    <subfield code="a">Este estudio eval&#xFA;a el impacto geol&#xF3;gico y ambiental de la actividad minera en la comunidad Los
Mart&#xED;nez, Maim&#xF3;n, Monse&#xF1;or Nouel, Rep&#xFA;blica Dominicana, mediante la percepci&#xF3;n de sus
habitantes. La justificaci&#xF3;n radica en la ausencia de investigaciones focalizadas en esta zona, pese
a su relevancia minera y a las denuncias comunitarias sobre deterioro ambiental y geol&#xF3;gico, lo
que exige una propuesta de gesti&#xF3;n sostenible basada en evidencia local. El problema es la
desconexi&#xF3;n entre el desarrollo econ&#xF3;mico minero y la conservaci&#xF3;n del medio f&#xED;sico-social,
agravada por la falta de monitoreo t&#xE9;cnico continuo y la escasa participaci&#xF3;n comunitaria en la
gesti&#xF3;n ambiental. Se emple&#xF3; un dise&#xF1;o cuantitativo, descriptivo, anal&#xED;tico y transversal. Las
variables principales fueron: Percepci&#xF3;n del Impacto Ambiental, Percepci&#xF3;n del Impacto
Geol&#xF3;gico, Conocimiento sobre la miner&#xED;a y V&#xED;nculo laboral con la miner&#xED;a, utilizada como
variable de control. La hip&#xF3;tesis alternativa (H&#x2081;) planteaba una asociaci&#xF3;n significativa entre la
percepci&#xF3;n de dichos impactos. La metodolog&#xED;a incluy&#xF3; an&#xE1;lisis documental para caracterizar el
contexto geol&#xF3;gico y una encuesta con preguntas dicot&#xF3;micas aplicada a una muestra probabil&#xED;stica
de 322 residentes, calculada a partir de una poblaci&#xF3;n estimada de 1,218 habitantes mediante
fotointerpretaci&#xF3;n satelital. Los datos se analizaron con estad&#xED;stica descriptiva y la prueba de Chicuadrado. Los hallazgos revelaron que existe una asociaci&#xF3;n estad&#xED;sticamente significativa (p &lt;
0.001) entre la percepci&#xF3;n de impactos geol&#xF3;gicos y ambientales, rechazando la hip&#xF3;tesis nula. M&#xE1;s 

del 60% de los encuestados percibi&#xF3; al menos un tipo de impacto. Contrariamente a lo esperado,
quienes ten&#xED;an v&#xED;nculo laboral con la minera reportaron mayor percepci&#xF3;n de contaminaci&#xF3;n
h&#xED;drica. Aunque el conocimiento sobre la actividad minera fue alto (74.5%), la participaci&#xF3;n en
gesti&#xF3;n ambiental fue baja (42.9%). Se concluye que la comunidad experimenta un deterioro
integral del territorio, reconociendo tanto impactos geol&#xF3;gicos como ambientales de forma
significativamente relacionada. El alto nivel de conocimiento sin participaci&#xF3;n efectiva evidencia
una injusticia procedimental. Se recomienda un modelo de gesti&#xF3;n sostenible basado en comit&#xE9;s
ambientales locales con poder real, monitoreo participativo validado y planes de cierre de mina
obligatorios desde la exploraci&#xF3;n.</subfield>
  </datafield>
  <datafield tag="650" ind1=" " ind2="4">
    <subfield code="a">Estudios del impacto </subfield>
  </datafield>
  <datafield tag="700" ind1="1" ind2=" ">
    <subfield code="a">Leonardo Miguel &#xC1;lvarez de Jes&#xFA;s </subfield>
    <subfield code="e">Sustentante </subfield>
  </datafield>
  <datafield tag="700" ind1="1" ind2=" ">
    <subfield code="a">Juandery Stiven Moreno Mercedes </subfield>
    <subfield code="e">Sustentante </subfield>
  </datafield>
  <datafield tag="700" ind1="1" ind2=" ">
    <subfield code="a">Ricardo Reynoso Villafa&#xF1;a</subfield>
    <subfield code="e">Asesor </subfield>
  </datafield>
  <datafield tag="830" ind1=" " ind2=" ">
    <subfield code="a">Tesis y disertaciones acad&#xE9;micas (Universidad Tecnol&#xF3;gica del Cibao Oriental)</subfield>
  </datafield>
  <datafield tag="856" ind1=" " ind2=" ">
    <subfield code="y">Haga Click Aqu&#xED; para Descargar en Texto Completo</subfield>
  </datafield>
  <datafield tag="942" ind1=" " ind2=" ">
    <subfield code="2">ddc</subfield>
    <subfield code="c">TH</subfield>
  </datafield>
  <datafield tag="999" ind1=" " ind2=" ">
    <subfield code="c">24202</subfield>
    <subfield code="d">24202</subfield>
  </datafield>
  <datafield tag="952" ind1=" " ind2=" ">
    <subfield code="0">0</subfield>
    <subfield code="1">0</subfield>
    <subfield code="2">ddc</subfield>
    <subfield code="4">0</subfield>
    <subfield code="7">0</subfield>
    <subfield code="8">eT</subfield>
    <subfield code="a">BU</subfield>
    <subfield code="b">BU</subfield>
    <subfield code="c">GEN</subfield>
    <subfield code="d">2026-05-18</subfield>
    <subfield code="i">24202</subfield>
    <subfield code="l">0</subfield>
    <subfield code="o">GEO 2026 A59</subfield>
    <subfield code="p">24202</subfield>
    <subfield code="r">2026-05-18 15:34:08</subfield>
    <subfield code="t">Ej.1</subfield>
    <subfield code="w">2026-05-18</subfield>
    <subfield code="y">TH</subfield>
  </datafield>
</record>
